[Event "Bratislava Doprastav op"]
[Site "Bratislava"]
[Date "2019.04.20"]
[Round "4"]
[White "Karas, Marek"]
[Black "Pinter, Jozef"]
[Result "1-0"]
[WhiteElo "2246"]
[BlackElo "1903"]
[PlyCount "69"]
[EventDate "2019.04.18"]
[EventType "swiss"]
[EventRounds "7"]
[EventCountry "SVK"]
[SourceTitle "CBM 189 Extra"]
[Source "ChessBase"]
[SourceDate "2019.05.31"]
[SourceVersion "1"]
[SourceVersionDate "2019.05.31"]
[SourceQuality "1"]

1. d4 d5 2. c4 c6 3. Nf3 Nf6 4. e3 Bf5 5. Nc3 e6 6. Nh4 Bg6 7. Nxg6 hxg6 8. g3 dxc4 9. Bxc4 Be7 10. Bd2 Nbd7 11. Qe2 b5 12. Bb3 a6 13. e4 Nb6 14. e5 Nfd5 15. Ne4 Nd7 16. Qf3 Rc8 17. 0-0 N7b6 18. Kg2 Rc7 19. h4 Nc8 20. Rac1 Rh5 21. Rh1 Rf5 22. Qg4 Rh5 23. Ba5 Qd7 24. Bxc7 Nxc7 25. Rhd1 Nd5 26. Nc5 Bxc5 27. Rxc5 Nce7 28. Rdc1 Nf5 29. Bxd5 exd5 30. Qf4 Ne7 31. R5c3 Qe6 32. Ra3 Qc8 33. e6 Qxe6 34. Re3 g5 35. Qb8+ 1-0